000
00314nam a2200145Ia 4500
003
GCL
008
140319s9999 xx 000 0 eng d
040
_a
GCL /
_c
GCL
082
0
4
_a
CASSETTE
_b
104
245
1
0
_a
LOVE STORY
260
_a
[S.N] :
_b
NONE
650
0
4
_a
AUDIO TAPES
650
0
4
_a
SONGS
942
_2
ddc
_c
BK
999
_c
18637
_d
18637